00825cam a22002651 4500001001300000003000400013005001700017008004100034010001700075035001800092040002300110043001200133050002300145051001500168100004100183245002800224260007300252300002700325490002300352504005700375650001900432650004300451830004800494999001700542gs 11000348 DLC20260227111311.0730130s1910 ohua b 000 0 eng  ags 11000348  a(OCoLC)547564 aDLCcODaWUdOdDLC an-us-oh00aQE151b.A18 no. 13 aQE671b.M81 aMorse, William Clifford,d1874-1962.14aThe Maxville limestone. aColumbus, O.b[Printed by the Springfield publishing company]c1910. a128 p.billus.c25 cm.1 aBulletin ;vno. 13 a"Bibliography and abstract of literature": p. 11-34. 0aGeologyzOhio. 0aGeology, StratigraphicyCarboniferous. 0aBulletin (Geological Survey of Ohio) ;v13. c25047d25047